Statistics for Which One?- U.S. Cities

Click here to take the quiz!

General Stats

  • This quiz has been taken 11 times
  • The average score is 11 of 16

Answer Stats

QuestionAnswer% Correct
...has the busiest airport?Atlanta
91%
...is closest to the Pacific Ocean?Carson City
91%
...was NOT named after a former U.S President?Knoxville
91%
...is the capital of its state?Olympia
91%
...has been home to the WINTER Olympics?Salt Lake City
91%
...is home to the Gateway Arch?St. Louis
91%
...is the furthest south?Montgomery
82%
...is in West Virginia?Huntington
73%
...is NOT home to a current NFL team?Milwuakee
73%
...is over 1 million in population?San Antonio
73%
...is the oldest?St. Augustine
73%
...is not in the Phoenix Metropolitan Area?Tucson
73%
.. is home to Henry Doorly Zoo?Omaha
55%
...has the highest recorded temperature?Yuma
45%
... is the most populous in its state?Burlington
27%
...is not in one of the original 13 colony states?Montpelier
27%

Score Distribution

Percentile by Number Answered

Percent of People with Each Score

Your Score History

You have not taken this quiz